[Event "Vesterhavsturneringen 2004"]
[Site "Esbjerg"]
[Date "2004.07.09"]
[Round "8"]
[White "Pedersen, Jan"]
[Black "Knudsen, Michael"]
[Result "0-1"]
[WhiteElo "2393"]
[BlackElo "1462"]
[PlyCount "72"]
[EventDate "2004.??.??"]
[EventType "swiss"]
[EventRounds "9"]
[EventCountry "DEN"]

1. e4 c6 2. d4 d5 3. exd5 cxd5 4. Bd3 Nf6 5. c3 e6 6. Nf3 Be7 7. O-O O-O 8. Re1
Nbd7 9. Nbd2 a6 10. a4 Rb8 11. Qe2 h6 12. Nf1 Qc7 13. Bd2 Bd6 14. g3 Nh7 15.
Rac1 Ndf6 16. c4 dxc4 17. Bxc4 Qe7 18. Bb3 Re8 19. Ne5 Nd7 20. Qd3 Bb4 21. f4
Nxe5 22. Rxe5 Bxd2 23. Nxd2 Qb4 24. Rc4 Qb6 25. a5 Qd8 26. Ba4 Bd7 27. Bxd7
Qxd7 28. Qc3 Rec8 29. Rxc8+ Rxc8 30. Rc5 Rxc5 31. Qxc5 Nf6 32. Nc4 Qa4 33. Kg2
Qc2+ 34. Kh3 Qe2 35. Ne5 Qf1+ 36. Kh4 g5+ 0-1

[Event "Vesterhavsturneringen 2004"]
[Site "Esbjerg"]
[Date "2004.07.09"]
[Round "8"]
[White "Pedersen, Lars Wisler"]
[Black "Fredgaard, Jonathan"]
[Result "1-0"]
[WhiteElo "1704"]
[BlackElo "1563"]
[PlyCount "43"]
[EventDate "2004.??.??"]
[EventType "swiss"]
[EventRounds "9"]
[EventCountry "DEN"]

1. e4 d5 2. exd5 Qxd5 3. Nc3 Qa5 4. d4 e5 5. dxe5 Qxe5+ 6. Qe2 Qxe2+ 7. Ngxe2
Bf5 8. Nd4 Bg6 9. Nd5 Bd6 10. Nb5 Kd7 11. Bf4 Bxf4 12. Nxf4 Ne7 13. O-O-O+ Kc8
14. Nxg6 Nxg6 15. Bd3 Nd7 16. Bf5 Rd8 17. Rhe1 Ngf8 18. Re7 g6 19. Bxd7+ Nxd7
20. Rxf7 h5 21. Rg7 Ne5 22. Rxd8+ 1-0

[Event "Vesterhavsturneringen 2004"]
[Site "Esbjerg"]
[Date "2004.07.09"]
[Round "8"]
[White "Petersen, Martin Reib"]
[Black "Jensen, Thomas Astrup"]
[Result "1/2-1/2"]
[WhiteElo "1783"]
[BlackElo "1570"]
[PlyCount "67"]
[EventDate "2004.??.??"]
[EventType "swiss"]
[EventRounds "9"]
[EventCountry "DEN"]

1. d4 Nf6 2. c4 c5 3. d5 b5 4. cxb5 a6 5. bxa6 e6 6. dxe6 fxe6 7. e3 Bxa6 8.
Bxa6 Rxa6 9. Nf3 d5 10. b3 Bd6 11. Bb2 h6 12. Qc2 O-O 13. Nbd2 Nbd7 14. e4 Bf4
15. exd5 exd5 16. O-O Qc7 17. Rfe1 Rfa8 18. Bxf6 Nxf6 19. a4 Ng4 20. g3 Bd6 21.
Qf5 Nf6 22. Re6 c4 23. bxc4 dxc4 24. Qc2 c3 25. Ne4 Nxe4 26. Rxe4 Rb6 27. Rc1
Bb4 28. Rce1 Qd7 29. Qb3+ Qf7 30. Re8+ Rxe8 31. Rxe8+ Bf8 32. Rxf8+ Kxf8 33.
Qxb6 Qxf3 34. Qc5+ 1/2-1/2

[Event "Vesterhavsturneringen 2004"]
[Site "Esbjerg"]
[Date "2004.07.09"]
[Round "8"]
[White "Petersen, Tom Petri"]
[Black "Fedorchuk, Sergey"]
[Result "0-1"]
[WhiteElo "2202"]
[BlackElo "2569"]
[PlyCount "58"]
[EventDate "2004.??.??"]
[EventType "swiss"]
[EventRounds "9"]
[EventCountry "DEN"]

1. g3 Nf6 2. Bg2 e5 3. d3 d5 4. c3 Nc6 5. Nf3 Bd6 6. O-O O-O 7. Nbd2 Bf5 8. Re1
Qd7 9. e4 Bh3 10. Nf1 h6 11. Nh4 Bg4 12. Qc2 Ne7 13. f3 Be6 14. f4 dxe4 15.
dxe4 Rfd8 16. f5 Bc4 17. Be3 a5 18. h3 Qb5 19. Bf3 Bd3 20. Qg2 Bc5 21. Bxc5
Qxc5+ 22. Ne3 Rd6 23. g4 Nh7 24. Kh2 Ng5 25. Rad1 Rad8 26. Nf1 Bxf1 27. Rxd6
Rxd6 28. Qxf1 Rd2+ 29. Re2 Qb5 0-1

[Event "Vesterhavsturneringen 2004"]
[Site "Esbjerg"]
[Date "2004.07.09"]
[Round "8"]
[White "Pontoppidan, Erik"]
[Black "Hansen, Mads Kjaer"]
[Result "1-0"]
[WhiteElo "1750"]
[BlackElo "1331"]
[PlyCount "77"]
[EventDate "2004.??.??"]
[EventType "swiss"]
[EventRounds "9"]
[EventCountry "DEN"]

1. d4 g6 2. c4 d6 3. g3 Bg7 4. Bg2 Nf6 5. Nf3 O-O 6. h3 Nbd7 7. Nc3 c6 8. O-O
e5 9. e4 Re8 10. Be3 Nb6 11. b3 Be6 12. Qe2 Qc8 13. Kh2 Bd7 14. Rad1 Qc7 15. a4
a5 16. Qd2 Rad8 17. Bg5 Bc8 18. Rfe1 Rd7 19. Qc2 Rde7 20. c5 Nbd7 21. cxd6 Qxd6
22. dxe5 Qe6 23. exf6 Bxf6 24. Bxf6 Qxf6 25. Nd4 Nc5 26. f4 Rd7 27. e5 Qe7 28.
Ne4 Nxe4 29. Bxe4 Red8 30. Nf3 Rxd1 31. Rxd1 Rxd1 32. Qxd1 f6 33. Qd6 Kf7 34.
Qxe7+ Kxe7 35. Bd3 Be6 36. Bc4 Bd5 37. Bxd5 cxd5 38. Kg2 fxe5 39. fxe5 1-0

[Event "Vesterhavsturneringen 2004"]
[Site "Esbjerg"]
[Date "2004.07.09"]
[Round "8"]
[White "Porsgaard, Per Lykke"]
[Black "Konradsen, Vagn"]
[Result "1/2-1/2"]
[WhiteElo "1462"]
[BlackElo "1196"]
[PlyCount "81"]
[EventDate "2004.??.??"]
[EventType "swiss"]
[EventRounds "9"]
[EventCountry "DEN"]

1. d4 e6 2. c4 d6 3. Nc3 Nd7 4. e4 e5 5. d5 Be7 6. f4 exf4 7. Bxf4 Bf6 8. Nf3
Ne5 9. Be2 Bg4 10. O-O Bxf3 11. Bxf3 Qd7 12. Bxe5 Bxe5 13. Bg4 Qe7 14. Qa4+ Kd8
15. Rf3 Nf6 16. Bh3 g5 17. Bf5 Nh5 18. g3 Ng7 19. Rd1 Nxf5 20. exf5 f6 21. Ne4
h6 22. Re1 Rb8 23. Nc3 h5 24. Kg2 Qd7 25. Qxd7+ Kxd7 26. b3 g4 27. Rfe3 Rhd8
28. Ne2 Rh8 29. Nf4 h4 30. Ng6 h3+ 31. Kh1 Rh5 32. Rf1 Re8 33. Re4 Rg5 34. Nh4
Bc3 35. Rxe8 Kxe8 36. Ng6 Be5 37. Rf2 Kd7 38. Nf8+ Kc8 39. Ne6 Rg8 40. Re2 b6
41. Re4 1/2-1/2

[Event "Vesterhavsturneringen 2004"]
[Site "Esbjerg"]
[Date "2004.07.09"]
[Round "8"]
[White "Roerholt, Carsten"]
[Black "Kallenbach, Uffe"]
[Result "1/2-1/2"]
[WhiteElo "1618"]
[BlackElo "1434"]
[PlyCount "129"]
[EventDate "2004.??.??"]
[EventType "swiss"]
[EventRounds "9"]
[EventCountry "DEN"]

1. e4 c5 2. Nf3 d6 3. d4 cxd4 4. Nxd4 Nf6 5. Nc3 a6 6. Be3 e5 7. Nb3 Be7 8. f3
O-O 9. Qd2 Be6 10. g4 d5 11. exd5 Nxd5 12. Nxd5 Bxd5 13. Be2 Bh4+ 14. Kd1 Be7
15. c3 Qc7 16. Kc2 Rd8 17. Qe1 Nc6 18. Rd1 Rac8 19. Qf2 Bxb3+ 20. Kxb3 Na5+ 21.
Kc2 Nc4 22. Bxc4 Qxc4 23. Kb1 b5 24. Bb6 Rd3 25. Qe2 Rxd1+ 26. Qxd1 Bg5 27. h4
Bf4 28. Re1 Qc6 29. Be3 Bg3 30. Rh1 Qf6 31. Bg5 Qb6 32. Qg1 Bf2 33. Qd1 Qe6 34.
Qe2 Bb6 35. Be3 Bxe3 36. Qxe3 Rd8 37. Qe2 f5 38. gxf5 Qxf5+ 39. Qe4 g6 40. Re1
Rf8 41. Kc2 Kg7 42. Kb3 Kf6 43. Kb4 Qe6 44. Ka3 Rc8 45. Qe3 Qc4 46. Qxe5+ Kf7
47. Qe7+ Kg8 48. Qe6+ Kg7 49. Qxc4 Rxc4 50. Re4 Rc5 51. Kb4 Rc6 52. c4 bxc4 53.
Rxc4 Rf6 54. Ka5 Kh6 55. a4 g5 56. hxg5+ Kxg5 57. Rc7 h5 58. b4 h4 59. b5 axb5
60. axb5 h3 61. b6 h2 62. b7 h1=Q 63. Rg7+ Kf4 64. b8=Q+ Ke3 65. Qb3+ 1/2-1/2

[Event "Vesterhavsturneringen 2004"]
[Site "Esbjerg"]
[Date "2004.07.09"]
[Round "8"]
[White "Rosenberg, Jan"]
[Black "Stovring, Claus"]
[Result "0-1"]
[WhiteElo "1786"]
[BlackElo "1975"]
[PlyCount "76"]
[EventDate "2004.??.??"]
[EventType "swiss"]
[EventRounds "9"]
[EventCountry "DEN"]

1. d4 Nf6 2. c4 g6 3. Nc3 Bg7 4. e4 d6 5. Nf3 O-O 6. Be2 e5 7. O-O Nc6 8. d5
Ne7 9. b4 a5 10. Ba3 axb4 11. Bxb4 b6 12. a4 Nd7 13. a5 bxa5 14. Bxa5 Ba6 15.
Qc2 Nc8 16. Nb5 Bxb5 17. cxb5 Nc5 18. Bb4 Rxa1 19. Rxa1 f5 20. Bxc5 dxc5 21.
Qxc5 fxe4 22. Nd2 Nd6 23. Qe3 Qf6 24. Ra6 Qf5 25. g4 Qf7 26. Bd1 Bh6 27. Qe1
Bxd2 28. Qxd2 Nxb5 29. Re6 Nd4 30. Rxe5 Nf3+ 31. Bxf3 Qxf3 32. Rg5 Ra8 33. Qc1
e3 34. fxe3 Ra2 35. Qf1 Qxe3+ 36. Kh1 Qxg5 37. d6 Qd5+ 38. Kg1 cxd6 0-1

[Event "Vesterhavsturneringen 2004"]
[Site "Esbjerg"]
[Date "2004.07.09"]
[Round "8"]
[White "Sandbech, Ted"]
[Black "Hamann, Brian"]
[Result "1-0"]
[WhiteElo "1613"]
[BlackElo "1667"]
[PlyCount "45"]
[EventDate "2004.??.??"]
[EventType "swiss"]
[EventRounds "9"]
[EventCountry "DEN"]

1. Nf3 Nf6 2. d4 e6 3. c4 b6 4. Nc3 Bb7 5. e3 Bb4 6. Bd2 O-O 7. Bd3 d5 8. cxd5
exd5 9. O-O Nbd7 10. Rc1 Bd6 11. e4 dxe4 12. Nxe4 Be7 13. Bg5 h6 14. Bh4 Re8
15. Re1 Rc8 16. Nxf6+ Bxf6 17. Rxe8+ Qxe8 18. Bxf6 gxf6 19. Qd2 Qf8 20. Nh4 h5
21. Nf5 Re8 22. Qd1 Bd5 23. Qxh5 1-0

[Event "Vesterhavsturneringen 2004"]
[Site "Esbjerg"]
[Date "2004.07.09"]
[Round "8"]
[White "Skovgaard, Peter Nicolai"]
[Black "Haagen Larsen, Hans"]
[Result "1-0"]
[WhiteElo "2045"]
[BlackElo "1714"]
[PlyCount "111"]
[EventDate "2004.??.??"]
[EventType "swiss"]
[EventRounds "9"]
[EventCountry "DEN"]

1. e4 e6 2. d3 d5 3. Qe2 d4 4. Nf3 c5 5. g3 Nc6 6. e5 Nge7 7. c4 Ng6 8. Bg2 Be7
9. O-O Qc7 10. Re1 Bd7 11. h4 h5 12. Na3 O-O-O 13. Nb5 Qb8 14. Bd2 f6 15. exf6
gxf6 16. Na3 Bd6 17. b4 Rdg8 18. bxc5 Bxc5 19. Nc2 Rg7 20. Rab1 e5 21. Nb4 Bxb4
22. Bxb4 Rhg8 23. Kh1 Nxb4 24. Rxb4 Bc6 25. Kh2 Nf4 26. Bh3+ Nxh3 27. Kxh3 Qd6
28. c5 Qd5 29. Kg2 Rg4 30. Qd1 Rf4 31. Re4 Rxe4 32. dxe4 Qxe4 33. Qb3 Bd5 34.
Qd1 Qxh4 35. c6 Bxc6 36. Qb3 Qg4 37. Rc4 Kd7 38. Rxc6 bxc6 39. Qf7+ Kd6 40.
Qxa7 f5 41. Qa3+ Ke6 42. Qb3+ Kf6 43. Qc4 Qe4 44. Qxg8 Qd5 45. Qxd5 cxd5 46. a4
Ke6 47. a5 Kd6 48. a6 Kc7 49. Nxe5 Kb6 50. a7 Kxa7 51. Nc6+ Kb6 52. Nxd4 f4 53.
gxf4 Kc5 54. Nf3 d4 55. f5 d3 56. Kf1 1-0

[Event "Vesterhavsturneringen 2004"]
[Site "Esbjerg"]
[Date "2004.07.09"]
[Round "8"]
[White "Sondergaard, Thomas"]
[Black "Klitaa, Ib"]
[Result "1-0"]
[WhiteElo "1872"]
[BlackElo "1633"]
[PlyCount "51"]
[EventDate "2004.??.??"]
[EventType "swiss"]
[EventRounds "9"]
[EventCountry "DEN"]

1. e4 e6 2. d4 d5 3. e5 c5 4. dxc5 Qa5+ 5. c3 Qxc5 6. Be3 Qc7 7. f4 Ne7 8. Bd3
Nbc6 9. Nf3 g6 10. O-O Bg7 11. Re1 Bd7 12. Na3 a6 13. Kh1 b5 14. Nc2 O-O 15.
Bc5 Rfe8 16. Bd6 Qb7 17. Ne3 Nc8 18. Bc5 Na5 19. Ng4 Kh8 20. Ng5 Bc6 21. Qf3 h5
22. Qh3 Nc4 23. Re2 Bf8 24. Bxf8 Rxf8 25. Nf6 d4 26. Nxh5 1-0

[Event "Vesterhavsturneringen 2004"]
[Site "Esbjerg"]
[Date "2004.07.09"]
[Round "8"]
[White "Stephensen, Mikkel"]
[Black "Sorensen, Jorn Lindved"]
[Result "1-0"]
[WhiteElo "1648"]
[BlackElo "1784"]
[PlyCount "111"]
[EventDate "2004.??.??"]
[EventType "swiss"]
[EventRounds "9"]
[EventCountry "DEN"]

1. d4 Nf6 2. c4 c5 3. e3 cxd4 4. exd4 e6 5. Nf3 d5 6. b3 Nc6 7. Be2 Bb4+ 8. Bd2
Bxd2+ 9. Qxd2 Ne4 10. Qb2 O-O 11. O-O b6 12. Nbd2 Ba6 13. Rfd1 Nd6 14. Ne5 Nxe5
15. dxe5 Nb7 16. Nf3 Qc8 17. Rac1 dxc4 18. Bxc4 Bxc4 19. Rxc4 Qe8 20. Rc7 Rd8
21. Qe2 Rxd1+ 22. Qxd1 Qd8 23. Qxd8 Rxd8 24. Kf1 Rb8 25. Ng5 Nd8 26. Rxa7 h6
27. Ne4 Nc6 28. Rc7 Nxe5 29. Ke2 Kf8 30. Nd6 Rd8 31. Nc8 Rd7 32. Rc3 Rb7 33. a4
Nd7 34. Nd6 Rb8 35. Rc7 Rd8 36. Rb7 Nc5 37. Rxb6 Nxb3 38. Rxb3 Rxd6 39. a5 g5
40. Rb6 Rd5 41. a6 Ra5 42. Kd3 Kg7 43. Kc4 Ra2 44. Kb5 Rxf2 45. a7 Rb2+ 46. Kc6
Ra2 47. Kb7 Kf6 48. a8=Q Rxa8 49. Kxa8 Kf5 50. Kb7 e5 51. Rxh6 e4 52. Rh8 Kf4
53. Kc6 f5 54. Kd5 Ke3 55. Rf8 f4 56. Re8 1-0

[Event "Vesterhavsturneringen 2004"]
[Site "Esbjerg"]
[Date "2004.07.09"]
[Round "8"]
[White "Storgaard, Morten Swayne"]
[Black "Kaarsberg, Allan"]
[Result "1/2-1/2"]
[WhiteElo "1505"]
[BlackElo "1766"]
[PlyCount "71"]
[EventDate "2004.??.??"]
[EventType "swiss"]
[EventRounds "9"]
[EventCountry "DEN"]

1. d4 Nf6 2. c4 e5 3. d5 Bc5 4. e3 d6 5. Nc3 a6 6. Nf3 O-O 7. Bd3 Re8 8. e4
Nbd7 9. O-O Nf8 10. Be3 Bxe3 11. fxe3 Ng4 12. Qe1 Ng6 13. h3 Nh6 14. Qg3 c6 15.
b3 Qb6 16. Rae1 Nf4 17. Bb1 Rf8 18. Kh1 Ng6 19. Nh4 Nxh4 20. Qxh4 Qc7 21. g4
Kh8 22. Ne2 b5 23. Ng3 bxc4 24. bxc4 c5 25. Nf5 Ng8 26. Rg1 g6 27. Nh6 Qe7 28.
g5 Rb8 29. Ref1 Qe8 30. Rg3 Rb7 31. Bc2 Re7 32. Nxg8 Rxg8 33. Rf6 Qd7 34. Kg2
Rg7 35. Bd1 Qc7 36. Bb3 1/2-1/2

[Event "Vesterhavsturneringen 2004"]
[Site "Esbjerg"]
[Date "2004.07.09"]
[Round "8"]
[White "Svensson, Sven"]
[Black "Poulsen, Iver"]
[Result "1/2-1/2"]
[WhiteElo "2117"]
[BlackElo "2084"]
[PlyCount "139"]
[EventDate "2004.??.??"]
[EventType "swiss"]
[EventRounds "9"]
[EventCountry "DEN"]

1. d4 d5 2. Nf3 e6 3. c4 c6 4. e3 Nf6 5. Nbd2 Bd6 6. Bd3 Nbd7 7. O-O e5 8. cxd5
cxd5 9. dxe5 Nxe5 10. Nxe5 Bxe5 11. Nf3 Bd6 12. b3 O-O 13. Bb2 Qe7 14. Be2 Rd8
15. Qd4 Be6 16. Rac1 Ne8 17. Rfd1 a6 18. Bd3 f6 19. Bb1 Rd7 20. Qd3 g6 21. Nd4
Bf7 22. Nf3 Rad8 23. Rd2 Be6 24. Qd4 Rc7 25. Rxc7 Qxc7 26. Rc2 Qe7 27. Rc1 Ba3
28. Bxa3 Qxa3 29. Qc5 Qxc5 30. Rxc5 Rc8 31. Rxc8 Bxc8 32. Nd4 Kf7 33. Kf1 Ke7
34. Ke2 Kd6 35. Kd3 a5 36. Kc3 Kc5 37. a3 Bd7 38. h4 Ng7 39. Bd3 Be8 40. Be2 h6
41. Bg4 Bf7 42. g3 g5 43. Nf5 Nxf5 44. Bxf5 b6 45. b4+ axb4+ 46. axb4+ Kd6 47.
Kd4 Be8 48. Bh7 Bf7 49. Bc2 Bh5 50. Ba4 Bf3 51. Bb3 Be4 52. Bd1 Bg6 53. Be2 Be8
54. Bf3 Bc6 55. Bg2 Ke6 56. Bh3+ Kd6 57. Bf5 Be8 58. Bc2 Bd7 59. Bb3 Bc6 60.
Ba2 Ba8 61. b5 Bb7 62. f3 f5 63. hxg5 hxg5 64. Bb3 Ba8 65. f4 gxf4 66. exf4 Bb7
67. Bd1 Bc8 68. Bf3 Be6 69. Be2 Bd7 70. Bd3 1/2-1/2

[Event "Vesterhavsturneringen 2004"]
[Site "Esbjerg"]
[Date "2004.07.10"]
[Round "9"]
[White "Aagaard, Kasper Bek"]
[Black "Sorensen, Jorn Lindved"]
[Result "0-1"]
[WhiteElo "1452"]
[BlackElo "1784"]
[PlyCount "56"]
[EventDate "2004.??.??"]
[EventType "swiss"]
[EventRounds "9"]
[EventCountry "DEN"]

1. e4 c5 2. Nf3 d6 3. d4 cxd4 4. Nxd4 a6 5. Nc3 Nf6 6. Bc4 e5 7. Nf3 Qc7 8. Qd3
Be7 9. Bg5 O-O 10. O-O-O Nbd7 11. Nd5 Nxd5 12. Bxd5 Nc5 13. Qc4 b5 14. Qc3 Bb7
15. Qe3 Rac8 16. Bxe7 Qxe7 17. b4 Na4 18. Bxb7 Qxb7 19. Rxd6 Nc3 20. Rb6 Qa7
21. a3 a5 22. Rd6 Qc7 23. Rd2 axb4 24. axb4 Ra8 25. Re1 Qc4 26. Qc5 Ra1+ 27.
Kb2 Na4+ 28. Kxa1 Nxc5 0-1

[Event "Vesterhavsturneringen 2004"]
[Site "Esbjerg"]
[Date "2004.07.10"]
[Round "9"]
[White "Agger, Lars Breinholt"]
[Black "Krabbe, Daniel"]
[Result "0-1"]
[WhiteElo "1836"]
[BlackElo "2044"]
[PlyCount "70"]
[EventDate "2004.??.??"]
[EventType "swiss"]
[EventRounds "9"]
[EventCountry "DEN"]

1. e4 c5 2. Nf3 Nc6 3. d4 cxd4 4. Nxd4 Nf6 5. Nc3 e5 6. Nb3 Bb4 7. Bd3 d5 8.
exd5 Qxd5 9. O-O Bxc3 10. bxc3 Bg4 11. f3 Bh5 12. Ba3 Bg6 13. Qe2 Bxd3 14. cxd3
O-O-O 15. Rfd1 Kb8 16. Bc5 h5 17. Bf2 Rhe8 18. Qb2 Ka8 19. Nc5 Rb8 20. Rab1 Nd7
21. Qa3 Qd6 22. Rb3 Red8 23. Nxd7 Rxd7 24. Qa4 f6 25. Rb6 Rbd8 26. d4 Kb8 27.
Rbb1 Qc7 28. Rdc1 Ka8 29. Rb5 Nxd4 30. Rcb1 Nxb5 31. Qxb5 Rd1+ 32. Be1 Qb6+ 33.
Qxb6 axb6 34. Rxd1 Rxd1 35. Kf2 Ra1 0-1

[Event "Vesterhavsturneringen 2004"]
[Site "Esbjerg"]
[Date "2004.07.10"]
[Round "9"]
[White "Andersen, Hans Jorgen"]
[Black "Jessen, Ernst J"]
[Result "1-0"]
[WhiteElo "2060"]
[BlackElo "1633"]
[PlyCount "49"]
[EventDate "2004.??.??"]
[EventType "swiss"]
[EventRounds "9"]
[EventCountry "DEN"]

1. e4 Nf6 2. e5 Nd5 3. c4 Nb6 4. d4 d6 5. f4 dxe5 6. fxe5 Bf5 7. Be3 Nc6 8. Nc3
e6 9. Nf3 Bb4 10. Be2 h6 11. O-O O-O 12. Rc1 Be7 13. Bd3 Bxd3 14. Qxd3 Nd7 15.
Qe4 f5 16. exf6 Rxf6 17. Ne5 Rxf1+ 18. Rxf1 Ncxe5 19. dxe5 Bc5 20. Rd1 Bxe3+
21. Qxe3 Qe7 22. Qd4 Nf8 23. c5 c6 24. Ne4 Qh4 25. Nf6+ 1-0

[Event "Vesterhavsturneringen 2004"]
[Site "Esbjerg"]
[Date "2004.07.10"]
[Round "9"]
[White "Andersen, Rune"]
[Black "Grubert, Christian"]
[Result "0-1"]
[WhiteElo "2045"]
[BlackElo "2054"]
[PlyCount "74"]
[EventDate "2004.??.??"]
[EventType "swiss"]
[EventRounds "9"]
[EventCountry "DEN"]

1. d4 f5 2. e4 fxe4 3. Nc3 Nf6 4. g4 h6 5. Bg2 d5 6. h3 Nc6 7. Bf4 Bd7 8. f3 e3
9. Qd3 Be6 10. Qxe3 Bf7 11. Nge2 a6 12. a3 Qd7 13. h4 e6 14. Bh3 O-O-O 15. g5
hxg5 16. hxg5 Rxh3 17. Rxh3 e5 18. Bxe5 Qxh3 19. gxf6 gxf6 20. Bf4 Re8 21. Qf2
Qh1+ 22. Qf1 Qh4+ 23. Kd1 f5 24. Qg1 Bh5 25. Bg5 Qh3 26. Kd2 Qxf3 27. Nf4 Bg7
28. Re1 Bxd4 29. Rxe8+ Bxe8 30. Qe1 Bxc3+ 31. bxc3 Qe4 32. Qf2 Ne5 33. Nh3 Ba4
34. Kc1 Bxc2 35. Qxc2 Qh1+ 36. Qd1 Qxh3 37. Qxd5 Qxc3+ 0-1

[Event "Vesterhavsturneringen 2004"]
[Site "Esbjerg"]
[Date "2004.07.10"]
[Round "9"]
[White "Bernhardsson, Sten"]
[Black "Jakobsen, Martin Skov"]
[Result "1-0"]
[WhiteElo "2115"]
[BlackElo "2139"]
[PlyCount "77"]
[EventDate "2004.??.??"]
[EventType "swiss"]
[EventRounds "9"]
[EventCountry "DEN"]

1. d4 f5 2. Nf3 Nf6 3. g3 g6 4. Bg2 Bg7 5. O-O O-O 6. c4 d6 7. d5 Ne4 8. Nd4 c5
9. dxc6 Nxc6 10. Nxc6 bxc6 11. Qc2 d5 12. Rd1 Qb6 13. e3 e6 14. Nd2 Ba6 15. Rb1
Nxd2 16. c5 Qc7 17. Bxd2 Rab8 18. Bc3 e5 19. b3 Rfd8 20. Qb2 Qe7 21. Rbc1 Rd7
22. Rd2 g5 23. Qa3 Bb5 24. Qa5 e4 25. Bxg7 Qxg7 26. Qc3 Qg6 27. a4 Bd3 28. b4
Qg7 29. Qa3 Qe7 30. Bf1 Bxf1 31. Kxf1 Rdb7 32. b5 cxb5 33. Rxd5 bxa4 34. Rxf5
Rb3 35. Qxa4 Kg7 36. Qd4+ Kg6 37. Re5 Qf7 38. Qxe4+ Kh5 39. Re7 1-0

[Event "Vesterhavsturneringen 2004"]
[Site "Esbjerg"]
[Date "2004.07.10"]
[Round "9"]
[White "Christensen, Henrik"]
[Black "Andersen, Morten"]
[Result "0-1"]
[WhiteElo "1874"]
[BlackElo "2111"]
[PlyCount "94"]
[EventDate "2004.??.??"]
[EventType "swiss"]
[EventRounds "9"]
[EventCountry "DEN"]

1. e4 c5 2. Nc3 e6 3. f4 Nc6 4. Nf3 d5 5. Bb5 d4 6. Ne2 Bd7 7. O-O a6 8. Bxc6
Bxc6 9. d3 Nf6 10. Ng3 h5 11. Ne5 Qc7 12. f5 Bd6 13. Nxc6 bxc6 14. Qf3 h4 15.
Ne2 Bxh2+ 16. Kh1 Bg3 17. Bf4 Bxf4 18. Nxf4 e5 19. Ne2 Rh5 20. g4 hxg3+ 21. Kg2
Rg5 22. Rh1 O-O-O 23. Rh3 Ng4 24. Rxg3 Ne3+ 25. Kf2 Rxg3 26. Qxg3 f6 27. c4 Rd7
28. Qg1 Qb6 29. Qh1 Rd8 30. Rg1 Qc7 31. Qh7 Rd7 32. Qg8+ Kb7 33. Nc1 Qd8 34.
Qxd8 Rxd8 35. Rxg7+ Kb6 36. Rg6 Rh8 37. Kg3 Rh1 38. Ne2 Re1 39. Kf2 Rd1 40. Ng3
Rxd3 41. Ke2 Rd1 42. Rxf6 Rb1 43. Re6 Rxb2+ 44. Kf3 Nxc4 45. f6 d3 46. Nf1 d2
47. Ke2 Rxa2 0-1

[Event "Vesterhavsturneringen 2004"]
[Site "Esbjerg"]
[Date "2004.07.10"]
[Round "9"]
[White "Christensen, Svend Ib"]
[Black "Grove, Peter"]
[Result "1-0"]
[WhiteElo "1517"]
[BlackElo "1670"]
[PlyCount "75"]
[EventDate "2004.??.??"]
[EventType "swiss"]
[EventRounds "9"]
[EventCountry "DEN"]

1. d4 Nf6 2. c4 c5 3. Nf3 cxd4 4. Nxd4 e5 5. Nf3 Nc6 6. e3 Bc5 7. Nc3 O-O 8.
Be2 d6 9. a3 a5 10. b3 Bg4 11. O-O Ne7 12. Bb2 Ng6 13. Nd5 Nxd5 14. Qxd5 Be6
15. Qd2 f5 16. Rfd1 Qb6 17. b4 axb4 18. axb4 Bxb4 19. Bc3 Bc5 20. Rdb1 Rxa1 21.
Rxa1 f4 22. Ra5 Qc6 23. Ng5 fxe3 24. fxe3 Qd7 25. Bb4 b6 26. Bxc5 dxc5 27. Qxd7
Bxd7 28. Ra7 Bc6 29. Rc7 Rf6 30. Bg4 Nf8 31. Rc8 g6 32. Be6+ Kg7 33. Rxc6 h6
34. Rc7+ Kh8 35. Nf7+ Kg8 36. Nxh6+ Kh8 37. Nf7+ Kg8 38. Bd5 1-0

[Event "Vesterhavsturneringen 2004"]
[Site "Esbjerg"]
[Date "2004.07.10"]
[Round "9"]
[White "Damm, Kasper Wilken"]
[Black "Hansen, Hans Valdemar"]
[Result "1-0"]
[WhiteElo "2241"]
[BlackElo "1763"]
[PlyCount "79"]
[EventDate "2004.??.??"]
[EventType "swiss"]
[EventRounds "9"]
[EventCountry "DEN"]

1. e4 e6 2. d4 d5 3. Nd2 Nf6 4. e5 Nfd7 5. Bd3 c5 6. c3 c4 7. Bc2 Be7 8. Ne2 b5
9. O-O Nc6 10. f4 g6 11. g4 h5 12. f5 gxf5 13. gxf5 exf5 14. Ng3 Nf8 15. Nxf5
Bxf5 16. Rxf5 Bg5 17. Nf3 Bxc1 18. Qxc1 Ne7 19. Rf6 Qd7 20. e6 fxe6 21. Ne5 Qc7
22. Kh1 Nc6 23. Bg6+ Nxg6 24. Rxe6+ Nce7 25. Nxg6 Rh7 26. Qg5 O-O-O 27. Rxe7
Rxe7 28. Qxe7 Qc6 29. Qc5 Qxc5 30. dxc5 Kc7 31. Nf4 Kc6 32. Rg1 Rd7 33. Rg6+
Kxc5 34. Ne2 b4 35. Nf4 Rd6 36. Rxd6 Kxd6 37. Kg2 a5 38. Kf3 a4 39. a3 Ke5 40.
axb4 1-0

[Event "Vesterhavsturneringen 2004"]
[Site "Esbjerg"]
[Date "2004.07.10"]
[Round "9"]
[White "Dyrgaard, Kristoffer"]
[Black "Jensen, Jan"]
[Result "1-0"]
[WhiteElo "1890"]
[BlackElo "1675"]
[PlyCount "61"]
[EventDate "2004.??.??"]
[EventType "swiss"]
[EventRounds "9"]
[EventCountry "DEN"]

1. e4 c5 2. Nc3 Nc6 3. g3 Nf6 4. Bg2 d6 5. d3 g6 6. h3 Bg7 7. Be3 O-O 8. Qd2
Nd4 9. Nd1 Rb8 10. c3 Nc6 11. f4 Qc7 12. Nf3 b5 13. O-O b4 14. g4 a5 15. f5 c4
16. Bh6 Ba6 17. Bxg7 Kxg7 18. g5 Nd7 19. d4 f6 20. Ne3 Nb6 21. Ng4 d5 22. gxf6+
exf6 23. Qh6+ Kg8 24. fxg6 hxg6 25. e5 fxe5 26. Qxg6+ Kh8 27. Qh6+ Kg8 28. Ng5
Qg7 29. Qe6+ Kh8 30. Nf7+ Kh7 31. Nf6+ 1-0

[Event "Vesterhavsturneringen 2004"]
[Site "Esbjerg"]
[Date "2004.07.10"]
[Round "9"]
[White "Fedorchuk, Sergey"]
[Black "Rewitz, Poul"]
[Result "1-0"]
[WhiteElo "2569"]
[BlackElo "2255"]
[PlyCount "97"]
[EventDate "2004.??.??"]
[EventType "swiss"]
[EventRounds "9"]
[EventCountry "DEN"]

1. e4 d5 2. exd5 Nf6 3. Bb5+ Bd7 4. Be2 Nxd5 5. d4 g6 6. Nf3 Bg7 7. c4 Nb6 8.
Nc3 O-O 9. h3 Bc6 10. d5 Be8 11. c5 N6d7 12. Be3 a5 13. Qb3 b6 14. c6 Ne5 15.
Nd4 e6 16. f4 Qh4+ 17. Kf1 Bh6 18. Ndb5 Na6 19. Rd1 Rd8 20. Rd4 Nxc6 21. dxc6
Bxc6 22. Bf2 Qf6 23. Qc4 Bb7 24. h4 c5 25. Rxd8 Rxd8 26. Rh3 Rd2 27. Bf3 Bxf3
28. Rxf3 Nb4 29. Ne4 Rd1+ 30. Ke2 Qd8 31. a3 Nd5 32. g3 f5 33. Ned6 Rb1 34. Qc2
Rh1 35. Nc4 Bg7 36. Rd3 Bd4 37. Nxd4 cxd4 38. Rxd4 Rh2 39. Ne3 Qe8 40. Nxd5
exd5+ 41. Kf3 Qb5 42. Qe2 Qb3+ 43. Rd3 Qc4 44. Re3 Qc6 45. Re8+ Kg7 46. Qe7+
Kh6 47. Qg5+ Kg7 48. Bd4+ Kf7 49. Qe7# 1-0

[Event "Vesterhavsturneringen 2004"]
[Site "Esbjerg"]
[Date "2004.07.10"]
[Round "9"]
[White "Fredgaard, Jonathan"]
[Black "Nielsen, Patricia"]
[Result "1-0"]
[WhiteElo "1563"]
[BlackElo "1291"]
[PlyCount "57"]
[EventDate "2004.??.??"]
[EventType "swiss"]
[EventRounds "9"]
[EventCountry "DEN"]

1. e4 c5 2. d4 cxd4 3. c3 dxc3 4. Nxc3 e6 5. Bc4 Nc6 6. Nf3 Be7 7. O-O Nf6 8.
Qe2 Qc7 9. e5 Ng4 10. Bf4 O-O 11. h3 Nh6 12. Bxh6 gxh6 13. Rfd1 Bg5 14. Nb5 Qb6
15. a3 Ne7 16. h4 Bf4 17. Nbd4 d6 18. g3 dxe5 19. Nxe5 Bxe5 20. Qxe5 Qxb2 21.
Qh5 Qc3 22. Bd3 Ng6 23. Bc2 Rd8 24. Nb5 Rxd1+ 25. Rxd1 Qe5 26. Bxg6 Qxh5 27.
Rd8+ Kg7 28. Bxh5 b6 29. Nd6 1-0